000 00811nam a2200253Ia 4500
003 OSt
005 20220918170449.0
006 a|||||r|||| 00| 0
007 ta
008 220917b |||||||| |||| 00| 0 eng d
020 _a9780231125772 (pbk)
_c1574.95
024 _a240,318
037 _b04922, 18/09/2009, Atlantic Publisher & Dist.Pvt.Ltd.
_cTextual
040 _aARTS
_cARTS
_beng
041 _2eng
_aeng
082 _aY7, M3
100 _aFabian Johannes
_929208
245 0 _aTime and the other
_b How anthropology makes its object
260 _aNew York
_bColumbia University Press U.S.A
_c1983
300 _axlv, 205p.
_ccm.
650 _aSOCIOLOGY
942 _hY7, M3
_cTEXL
_2CC
999 _c134266
_d134266